Statistics for Animal Alphabet Picture 49

Click here to take the quiz!

General Stats

  • This quiz has been taken 12 times
  • The average score is 24 of 26

Answer Stats

Answer% Correct
Alligator
100%
Bear
100%
Camel
100%
Duck
100%
Elephant
100%
Flamingo
100%
Giraffe
100%
Hyena
100%
Iguana
100%
Jellyfish
100%
Kangaroo
100%
Lion
100%
Octopus
100%
Peacock
100%
Raccoon
100%
Sheep
100%
Turtle
100%
Unicorn
100%
Whale
100%
Yak
100%
Zebra
100%
Narwhal
92%
Vulture
92%
Quail
67%
Marmoset
42%
X-Ray Fish
42%

Score Distribution

Percentile by Number Answered

Percent of People with Each Score

Your Score History

You have not taken this quiz